[Event "Mephisto Cup (40/120')"]
[Site "?"]
[Date "2012.??.??"]
[Round "2"]
[White "Mephisto 68030, Genius"]
[Black "Mephisto ARM2, RISC 1.2."]
[Result "1-0"]
[WhiteElo "2278"]
[BlackElo "2263"]
[Annotator "xchessg"]
[PlyCount "54"]
[SourceDate "2009.11.09"]

1. e4 c5 2. Nf3 d6 3. d4 cxd4 4. Nxd4 Nf6 5. Nc3 a6 6. Bg5 e6 7. f4 Qb6 8. Nb3
Nbd7 9. Qf3 Be7 10. O-O-O Qc7 11. Bd3 b5 {Voelschow,Michael: '*'} 12. Rhe1 Bb7
{[%eval -6,0] *Turnierbuch;} 13. a3 {Voelschow,Michael: '*'} O-O 14. Qg3 {
*Turnierbuch normal;-0.21} e5 15. Rf1 (15. fxe5 {-0,21} dxe5 16. Nd5 Nxd5 17.
exd5 {-0,48} Bxg5+ 18. Qxg5 Rfe8 19. d6 Qd8 20. Qf5 (20. Qxd8 Raxd8 21. Bf1)
20... g6 21. Qg4 Kh8 22. Qh3 f5 23. g4 Qg5+ 24. Kb1 fxg4 25. Qg3 Bf3 26. Be2
Qf5 27. Rf1 Rac8 28. Rd2 Rf8 29. Rf2 Qf4 30. Rf1 {-0,69} Qxg3 31. hxg3 h5 32.
a4 bxa4 33. Nc1 Nc5 {+1,61} 34. Rdd1 a3 35. Rfe1 axb2 36. Kxb2 Rb8+ 37. Ka1 Nd7
38. Rd2 Rb6 39. Rf1 Kg7 40. Rfd1 Rc8 41. Nb3 Bxe2 42. Rxe2 Rcc6 43. Rd5 Kf6 44.
Ra5 Rxd6 45. Nd2 Rdc6 46. c4 Ke6 47. Ka2 g5 48. Rh2 h4 49. gxh4 {-2,36} g3 50.
Rh1 gxh4 51. Rxh4 Rd6 52. Nf3 Kf5 53. c5 Rd5 54. Nd4+ exd4 55. Rh5+ {-0,81} Ke4
$2 {+1,86} (55... Kf6 56. Rxd5 g2 57. cxb6 g1=Q 58. b7 Qg2+ 59. Kb3 Qf3+ 60.
Kb2 Qc3+ 61. Ka2 Qc4+ 62. Ka3 Ke6 63. Rg5 Kd6 64. Rad5+ Qxd5 65. Rxd5+ Kxd5 $19
) 56. Rxd5 Rb5 57. Rxb5 Kxd5 58. c6+ Kxc6 59. Rb3 {-0,72} Nc5 (59... g2 60. Rg3
Kb5 61. Rxg2 Nc5 62. Ka3 a5 63. Rb2+ Kc4 64. Rc2+ Kd5 65. Rc1 $11) 60. Rxg3 Kd5
61. Kb2 Kc4 62. Rh3 {-0,57} a5 63. Rh8 a4 64. Ka3 {0,00} Ne4 {1/2-1/2 Berlin
Pro,M-Risc 2,M/Rostock 2003/[Voelschow,Michael] (64)}) 15... Rac8 16. fxe5 dxe5
17. Nd5 Nxd5 {a Tempo} 18. Bh6 g6 19. exd5 Rfd8 {a Tempo} (19... Bxd5 $1 $15)
20. Bf5 {[%eval -3,0]} Qd6 $2 {[%eval -4,0]} (20... Rb8 $14) 21. Bd2 $1 $16 Bh4
$6 (21... Qc7) 22. Qxh4 gxf5 23. Ba5 Re8 24. Rxf5 f6 25. Rd3 {[%eval 200,0] a
Tempo;} Qe7 {[%eval -126,0]} 26. Qh5 Kh8 {[%eval -237,0]} 27. Bb4 Nc5 {[%eval
-714,0]} 1-0

[Event "Mephisto Cup (40/120')"]
[Site "?"]
[Date "2012.??.??"]
[Round "3"]
[White "Mephisto ARM2, RISC 1.2."]
[Black "Mephisto 68030, Genius"]
[Result "1-0"]
[WhiteElo "2263"]
[BlackElo "2278"]
[Annotator "xchessg"]
[PlyCount "85"]
[SourceDate "2009.11.09"]

1. e4 c5 2. Nf3 Nc6 3. d4 cxd4 4. Nxd4 g6 5. c4 Bg7 6. Be3 Nf6 7. Nc3 Ng4 8.
Qxg4 Nxd4 9. Qd1 Ne6 10. Rc1 b6 11. b4 {[%eval 27,0] *Turnierbuch;} O-O {
[%eval 27,0] *Turnierbuch, Modern;} 12. Nd5 Bb7 13. Be2 {a Tempo} d6 14. O-O
Qd7 15. f4 Rfc8 {[%eval 27,0] a Tempo;} 16. f5 {[%eval 55,0]} gxf5 17. Rxf5 Nf8
18. Qc2 Ng6 19. Rd1 Ba6 20. Bd4 {0.69; Totalzeit 1.16'} Bxd4+ {-0.18;
Totalzeit 1.12'} 21. Rxd4 {a Tempo} Bb7 22. Bg4 Rc6 {a Tempo} 23. Qd2 Qd8 {a
Tempo} 24. Rf2 Kg7 25. Qc1 {[%eval 103,0]} Bc8 {[%eval -39,0]} 26. Bd1 Bb7 27.
Rd3 Kg8 28. Rdf3 {a Tempo} Qf8 29. Rxf7 {[%eval 148,0]} Qxf7 {[%eval -109,0]}
30. Rxf7 {a Tempo} Kxf7 31. Qh6 {a Tempo} Kg8 32. Bh5 {[%eval 426,0]} Rxc4 {
[%eval -454,0]} 33. Nxe7+ {a Tempo} Nxe7 34. Qe6+ Kg7 {a Tempo} 35. Qxe7+ Kh6 {
a Tempo} 36. Bd1 Bxe4 37. g4 Kg6 38. h4 {a tempo} h5 39. gxh5+ {a Tempo} Kh6
40. Qxd6+ {[%eval 600,0]} Kg7 {[%eval -560,0]} 41. Qe7+ Kh8 42. Qf6+ Kh7 43.
Qf7+ 1-0

[Event "Mephisto Cup (40/120')"]
[Site "?"]
[Date "2012.??.??"]
[Round "4"]
[White "Mephisto 68030, Genius"]
[Black "Mephisto ARM2, RISC 1.2."]
[Result "0-1"]
[WhiteElo "2278"]
[BlackElo "2263"]
[Annotator "xchessg"]
[PlyCount "63"]
[SourceDate "2009.11.09"]

{Stil Aktiv; RF} 1. c4 c6 2. d4 d5 3. Nf3 Nf6 4. Nc3 e6 5. e3 Nbd7 6. Bd3 dxc4
7. Bxc4 b5 8. Bd3 a6 9. e4 c5 10. e5 cxd4 11. Nxb5 Nxe5 12. Nxe5 axb5 13. Bxb5+
Bd7 14. Nxd7 Qa5+ 15. Bd2 Qxb5 16. Nxf8 Kxf8 17. b3 (17. a4 Qxb2 18. O-O {*}
Nd5 {*} 19. a5 Nc3 20. Bxc3 Qxc3 21. a6 f6 $2 (21... g6) 22. Qb1 (22. Rc1 Qa5
23. Qxd4 Kf7 24. Qd7+ Kg6 25. Rc7 Rhg8 26. Qd3+ Qf5 27. Qg3+ Qg5 28. Qxg5+ fxg5
29. a7) 22... Qc7 23. Qe4 (23. Rc1) 23... Kf7 24. Qxd4 {+0,42} Rhd8 25. Qe4 Qd6
26. Rfb1 Kg8 27. a7 Kh8 28. Qb7 Kg8 29. h3 h6 30. Ra4 {+1,12} Kh8 31. Rg4 g5
32. Rgb4 {+2,48} Kg8 33. Qxa8 Rxa8 34. Rb8+ {1-0 London 32 Bit,M-Montreux,M/
Rostock 2003 (34)}) 17... Kg8 {[%eval 24,0] *Turnierbuch;} 18. Qf3 {[%eval 9,0]
*Turnierbuch Modern;} Ra3 19. Qf4 e5 20. Qf5 {[%eval 18,0] a Tempo;} Nd7 {
[%eval 36,0]} 21. Bc1 Ra8 22. Qf3 Rc8 {a tempo} 23. Qg4 h5 24. Qf5 g6 25. Qe4
Nc5 {[%eval 115,0]} 26. Qe2 {[%eval -54,0]} Nd3+ 27. Kf1 e4 {a tempo} 28. Bb2
Qd5 29. Ba3 {[%eval -54,0]} Nf4 {[%eval 329,0]} 30. Qa6 {[%eval -348,0]} e3 {
[%eval 528,0]} 31. f3 Rc2 32. Bb4 {[%eval -1300,0]} 0-1

[Event "Mephisto Cup (40/120')"]
[Site "?"]
[Date "2012.??.??"]
[Round "5"]
[White "Mephisto ARM2, RISC 1.2."]
[Black "Mephisto 68030, Genius"]
[Result "1-0"]
[WhiteElo "2263"]
[BlackElo "2278"]
[Annotator "xchessg"]
[PlyCount "82"]
[SourceDate "2009.11.09"]

1. e4 e5 {[%eval 25,0] Stil riskant; RF} 2. Nf3 Nc6 3. Bb5 a6 4. Ba4 Nf6 5. O-O
Nxe4 6. d4 b5 7. Bb3 d5 8. dxe5 Be6 9. Qe2 Be7 10. Rd1 O-O 11. c4 bxc4 12. Bxc4
Qd7 13. Nc3 Nxc3 14. bxc3 f6 15. exf6 Bxf6 16. Ng5 Bxg5 17. Bxg5 h6 18. Be3 Ne5
19. Bb3 {'*'} Qd6 {'*'} 20. h3 {[%eval 10,0] *Turnierbuch;} a5 {*Turnierbuch,
mensch; -0.30; Auch das London Programm auf '030 waehlt diesselbe Zuge!} (20...
Rae8 21. c4 $2 {Versperrt dem Laeufer den Punkt d5.} Bxh3 $1 {-0,09 / Aber
Hallo, der London greift an!} 22. gxh3 $2 {Und der RISC laesst sich darauf ein.
Die offene g-Linie, f3, die halboffene f-Linie, der RISC muss blind sein, dass
kann nicht gut gehen.} (22. c5 Qg6 23. Bxd5+ Kh8 24. f3 Bf5) 22... Nf3+ {+2,30}
23. Kf1 {-1,83} Qh2 {+5,33} 24. Qd3 d4 {0-1 Risc 2,M-London 32 Bit,M/Rostock
2003 (24)}) 21. Re1 a4 22. Bd4 {a tempo} Nc6 23. Bc5 {a tempo} Qxc5 24. Qxe6+
Kh8 25. Bxd5 {[%eval 55,0]} Nd8 {[%eval -15,0]} 26. Qe7 {a tempo} Qxf2+ 27. Kh2
{[%eval 140,0]} Qf4+ {[%eval -3,0]} 28. g3 {[%eval 142,0]} Qf2+ {[%eval -60,0]}
29. Kh1 {[%eval 140,0]} c6 {[%eval -145,0]} 30. Rf1 Qxf1+ {a tempo} 31. Rxf1
Rxf1+ 32. Kg2 {[%eval 209,0]} cxd5 {[%eval -166,0] a tempo;} 33. Kxf1 Rb8 {
[%eval -236,0]} 34. Qe8+ Kh7 {a tempo} 35. Qxa4 Rb1+ {[%eval -312,0] a tempo;}
36. Kf2 Rb7 {[%eval -321,0]} 37. Qd4 {a tempo} Rf7+ {[%eval -333,0]} 38. Kg2
Re7 39. Qxd5 Nf7 40. c4 {[%eval 311,0] a tempo;} Kg6 {[%eval -351,0]} 41. c5
Re2+ {[%eval -384,0]} 1-0

[Event "Mephisto Cup (40/120')"]
[Site "?"]
[Date "2012.??.??"]
[Round "6"]
[White "Mephisto 68030, Genius"]
[Black "Mephisto ARM2, RISC 1.2."]
[Result "1-0"]
[WhiteElo "2278"]
[BlackElo "2263"]
[Annotator "xchessg"]
[PlyCount "95"]
[SourceDate "2009.11.09"]

{Stil riskant; RF 0.25, D+T+B 1%, S+L 100%, Sel 10} 1. e4 e5 2. Nf3 Nc6 3. Bb5
a6 4. Ba4 Nf6 5. O-O Be7 6. Re1 b5 7. Bb3 O-O 8. a4 b4 9. d3 d6 10. Nbd2 Rb8
11. Nc4 Bg4 12. Be3 Nd7 13. h3 {[%eval 54,0] *Turnierbuch, mensch;} Bh5 {
[%eval 0,0] *Turnierbuch;} 14. Nfxe5 $1 {[%eval 72,0]} Bxd1 {[%eval 2,0]} 15.
Nxc6 {[%eval 51,0]} Qe8 {[%eval 12,0]} 16. Nxb8 Qxb8 {a tempo} 17. Rexd1 Re8
18. Na5 Bf6 19. Nc6 Qb7 20. Bd5 {[%eval 154,0] a tempo;} Qc8 {[%eval -38,0]}
21. Rdb1 Nb8 {a tempo} 22. Nxb4 c6 23. Bb3 Nd7 24. a5 Qb7 25. c3 {[%eval 142,0]
a tempo;} c5 {[%eval -55,0]} 26. Bd5 Qc8 27. Nc6 Nb8 28. Nxb8 Qxb8 {a tempo}
29. Ra3 Qb5 30. Bc4 {[%eval 193,0] a tempo;} Qc6 {[%eval -92,0]} 31. b4 {a
tempo} Rb8 32. Rab3 h6 33. bxc5 Rxb3 34. Rxb3 {a tempo} dxc5 35. Rb8+ {[%eval
184,0] a tempo;} Kh7 {[%eval -144,0]} 36. Rb6 Qa4 37. Rxa6 Qa1+ 38. Kh2 Qxc3
39. Ra7 Qb4 {a tempo} 40. g3 {[%eval 287,0]} Bd4 {[%eval -217,0]} 41. Bxd4 cxd4
42. a6 {[%eval 390,0]} f5 {[%eval -277,0]} 43. Rb7 {[%eval 430,0]} Qd2 {[%eval
-372,0]} 44. Kg2 {a tempo} fxe4 45. dxe4 Qc2 {[%eval -394,0]} 46. Bd5 d3 47. a7
Qa4 48. Bg8+ 1-0

[Event "Mephisto Cup (40/120')"]
[Site "?"]
[Date "2012.??.??"]
[Round "7"]
[White "Mephisto ARM2, RISC 1.2."]
[Black "Mephisto 68030, Genius"]
[Result "1/2-1/2"]
[WhiteElo "2263"]
[BlackElo "2278"]
[Annotator "xchessg"]
[PlyCount "94"]
[SourceDate "2009.11.09"]

{Agressiv} 1. c4 c6 {[%emt 0:00:10] Stil Riskant; RF 0.25; B+D+T 1%, L+S 100%,
Sel 10} 2. d4 d5 3. Nf3 Nf6 4. Nc3 dxc4 5. a4 Na6 6. e4 Bg4 7. Bxc4 e6 8. Be3
Be7 9. O-O Nb4 10. a5 Bxf3 {[%eval 42,0] *Turnierbuch, mensch;} 11. gxf3 {
[%eval 24,0] *Normalbuch;} O-O 12. f4 Qc7 13. f3 {a tempo} c5 14. Qb3 Rfc8 {a
tempo} 15. Rfc1 {[%eval 21,0]} cxd4 {[%eval 36,0]} 16. Nb5 {a tempo} Qd7 17.
Nxd4 {a tempo} Bc5 18. Rd1 Qc7 19. Ra4 a6 20. Kh1 {[%eval 11,0] a tempo;} Bxd4
{[%eval 27,0]} 21. Bxd4 {a tempo} Qxc4 22. Rxb4 Qe2 23. Qd3 Qxd3 {a tempo} 24.
Rxd3 Rc1+ 25. Kg2 {[%eval 51,0]} Nh5 {[%eval -18,0] a tempo;} 26. Be3 Rc7 {a
tempo} 27. Rdb3 Rb8 28. Rb6 Rc2+ {a tempo} 29. Kh3 Re2 {a tempo} 30. Rxb7 {
[%eval 77,0]} Rxb7 {[%eval -27,0] a tempo;} 31. Rxb7 f5 32. Rb3 {a tempo} fxe4
33. fxe4 Kf7 34. f5 e5 35. Rb7+ Ke8 {a tempo} 36. Bc5 Rxe4 {a tempo} 37. Ra7
Nf4+ 38. Kg3 {a tempo} Nd3 39. b4 Nxc5 40. bxc5 {[%eval 102,0]} Rc4 {[%eval
-48,0]} 41. Rxg7 Rxc5 42. Rxh7 Rxa5 {a tempo} 43. f6 Ra4 {a tempo} 44. Re7+ Kf8
{a tempo} 45. h4 {[%eval 43,0]} Rf4 {[%eval -24,0]} 46. Re6 Kf7 {a tempo} 47.
Rxe5 {[%eval 33,0]} Rxf6 {[%eval -9,0]} 1/2-1/2

[Event "Mephisto Cup (40/120')"]
[Site "?"]
[Date "2012.??.??"]
[Round "8"]
[White "Mephisto 68030, Genius"]
[Black "Mephisto ARM2, RISC 1.2."]
[Result "1-0"]
[WhiteElo "2278"]
[BlackElo "2263"]
[Annotator "xchessg"]
[PlyCount "73"]
[SourceDate "2009.11.09"]

{Stil Riskant, RF 0.25, D+T+B 110%, S+L 100% Sel} 1. e4 e5 {Agressiv} 2. Nf3
Nf6 3. Nxe5 d6 4. Nf3 Nxe4 5. d4 d5 6. Bd3 Bd6 7. O-O O-O 8. c4 c6 9. Nc3 Nxc3
10. bxc3 dxc4 11. Bxc4 Bg4 12. Qd3 Bh5 13. Bg5 Qc7 14. Rae1 Nd7 15. Be7 Bxe7
16. Rxe7 Qd6 17. Rfe1 b5 18. Bb3 {[%eval 112,0] *Turnierbuch, mensch;} Nf6 {
[%eval -90,0] *Normalbuch;} 19. Nh4 Rae8 20. Rxe8 {[%eval 115,0]} Rxe8 {[%eval
-27,0]} 21. Rxe8+ Nxe8 22. Qe3 Qd7 23. Nf5 h6 24. f3 {a tempo} Kh7 25. Ne7 {
[%eval 90,0]} Nd6 {[%eval -9,0]} 26. Qe2 a5 27. Bc2+ Bg6 28. Nxg6 fxg6 29. Qe5
Nc4 30. Qe4 {[%eval 51,0] a tempo;} Qd6 {[%eval -48,0]} 31. h4 h5 32. f4 {a
tempo} Na3 33. Bd3 b4 34. f5 Qg3 {a tempo} 35. fxg6+ {[%eval 145,0]} Kh6 {
[%eval -724,0]} 36. Qe7 {[%eval 1003,0] a tempo;} Nc2 37. Qd8 1-0

[Event "Mephisto Cup (40/120')"]
[Site "?"]
[Date "2012.??.??"]
[Round "9"]
[White "Mephisto ARM2, RISC 1.2."]
[Black "Mephisto 68030, Genius"]
[Result "0-1"]
[WhiteElo "2263"]
[BlackElo "2278"]
[Annotator "xchessg"]
[PlyCount "157"]
[SourceDate "2009.11.09"]

{Agressiv} 1. d4 Nf6 {[%emt 0:00:08] Stil Riskant, D+T+B 110%, S+L 100%, Sel}
2. c4 e6 3. g3 d5 4. Bg2 dxc4 5. Nf3 Be7 6. O-O O-O 7. Qc2 a6 8. Qxc4 b5 9. Qc2
Bb7 10. Bd2 Be4 11. Qc1 Nc6 12. Be3 Nb4 13. Nbd2 Bb7 14. Bg5 Rc8 15. a3 Nbd5
16. Nb3 h6 {[%eval -30,0] *Turnierbuch, mensch;} 17. Bxf6 {[%eval 16,0]
*Grossbuch,} Nxf6 18. Rd1 Bd5 19. Nc5 {a tempo} Bxc5 20. dxc5 {[%eval 18,0]}
Qe7 {[%eval 0,0]} 21. b4 e5 22. Qb2 Rfe8 23. e3 Qe6 24. Rab1 Qc6 25. Ne1 {
[%eval 1,0]} Rcd8 {[%eval 12,0]} 26. f3 {a tempo} e4 27. f4 Ng4 {a tempo} 28.
Nc2 Bc4 {a tempo} 29. h3 Nf6 {a tempo} 30. Nd4 {[%eval 27,0]} Qd7 {[%eval 9,0]}
31. c6 Qd5 32. Rd2 Qh5 33. g4 {a tempo} Qg6 34. Nf5 Rxd2 35. Qxd2 {[%eval 1,0]
a tempo;} Qh7 {[%eval 21,0]} 36. Ng3 Bd3 37. Rd1 {a tempo} h5 38. g5 Qg6 {a
tempo} 39. Qe1 Nd5 40. Rxd3 {[%eval 65,0]} exd3 {[%eval 51,0]} 41. Bxd5 h4 $1 (
41... Qd6 42. Bb3 d2 43. Qe2 Rd8 44. Bd1 $13) 42. Nf1 {a tempo} Qf5 43. Bf3
Qxf4 44. exf4 Rxe1 45. Kf2 Ra1 {[%eval 133,0] a tempo;} 46. Nd2 Rxa3 {a tempo}
47. Bd1 {[%eval -5,0]} Ra1 {[%eval 151,0]} 48. Bb3 {a tempo} Kf8 49. f5 Ke7 {
a tempo} 50. Kf3 {[%eval -47,0]} Rh1 {[%eval 175,0]} 51. Kg2 Rc1 52. Kf3 {a
tempo} Rxc6 53. Ke3 Rc1 54. Bd5 Rg1 55. Ne4 {[%eval -80,0] a tempo;} Rb1 56.
f6+ {a tempo} gxf6 {[%eval 209,0]} 57. gxf6+ Kf8 58. Kxd3 Rxb4 59. Nc5 a5 {a
tempo} 60. Nd7+ {[%eval -60,0]} Ke8 {[%eval 178,0]} 61. Ne5 Rf4 {a tempo} 62.
Bc6+ Kf8 {a tempo} 63. Bxb5 Kg8 {a tempo} 64. Ke3 {[%eval -75,0]} Rxf6 65. Nc6
{[%eval -85,0] a tempo;} Kf8 {[%eval 254,0]} 66. Nd4 Rb6 67. Bc6 Ke7 68. Ba4
Kd6 69. Nb5+ Ke5 70. Nd4 {[%eval -140,0]} f5 {[%eval 315,0] a tempo;} 71. Nf3+
Kf6 72. Bc2 Rb4 73. Nd2 a4 74. Kd3 a3 75. Bb3 {[%eval -148,0]} c6 {[%eval 357,
0] a tempo;} 76. Bc4 Ra4 77. Ba2 Ra7 78. Kd4 Rg7 79. Bc4 {[%eval -288,0]} 0-1

[Event "Mephisto Cup (40/120')"]
[Site "?"]
[Date "2012.??.??"]
[Round "10"]
[White "Mephisto 68030, Genius"]
[Black "Mephisto ARM2, RISC 1.2."]
[Result "0-1"]
[WhiteElo "2278"]
[BlackElo "2263"]
[Annotator "xchessg"]
[PlyCount "94"]
[SourceDate "2009.11.09"]

{Aktiv, RF} 1. e4 c5 2. c3 d5 3. exd5 Qxd5 4. d4 e6 5. Nf3 Nc6 6. Na3 Nf6 7.
Be2 Qd8 8. Nc2 Be7 9. O-O O-O 10. Bg5 cxd4 11. Ncxd4 Bd7 12. Re1 {[%eval 36,0]
*Turnierbuch, Mensch;} (12. Bc4 $6 {War der Wahl des London programm (mit
einstellungen Riskant, D+T+B 110% etc) gegen Der RISC 2.0 (Partie 6)}) (12. Rc1
$5 {War der Wahl des Berlin Pro, (Rostock 2003)}) 12... h6 {[%eval -5,0]
*Grossbuch;} 13. Bh4 Rc8 14. Bd3 Nxd4 15. Nxd4 Qb6 16. Qb3 {a tempo} Bc5 17.
Qxb6 Bxb6 18. Bxf6 gxf6 {a tempo} 19. Be4 Bxd4 20. cxd4 {[%eval -21,0]} Bc6 {
[%eval 42,0]} 21. d5 exd5 22. Bf5 Rce8 23. Red1 {a tempo} Re2 24. Rab1 Rfe8 {
a tempo} 25. h3 {[%eval -39,0]} Kg7 {[%eval 94,0]} 26. a3 {a tempo} h5 27. Bd3
R2e5 28. Bf1 a5 29. Rbc1 Rd8 {a tempo} 30. Rd4 {[%eval -21,0]} Re4 {[%eval 88,
0]} 31. Rd2 d4 32. g3 Re5 33. Rcd1 Red5 34. b4 axb4 35. axb4 {[%eval -21,0]}
R5d6 {[%eval 92,0]} 36. Bd3 Bf3 37. Ra1 Rc8 38. b5 Rc3 39. Kh2 Rd8 {a tempo}
40. h4 {[%eval -48,0]} Rd5 {[%eval 108,0]} 41. Kg1 Rdc5 42. Rf1 f5 43. Bb1 Rc1
44. Bd3 {[%eval -263,0] a tempo;} Rxf1+ {[%eval 291,0]} 45. Bxf1 Rc1 {a tempo}
46. b6 Rb1 47. Rxd4 {[%eval -306,0]} Be2 0-1

[Event "Mephisto Cup (40/120')"]
[Site "?"]
[Date "2012.??.??"]
[Round "1"]
[White "Mephisto ARM2, RISC 2.0."]
[Black "Mephisto 68030, Genius"]
[Result "1-0"]
[WhiteElo "2241"]
[BlackElo "2278"]
[Annotator "xchessg"]
[PlyCount "115"]
[SourceDate "2009.11.09"]

1. e4 Nf6 {[%eval 0,0] Stil Aktiv; RF} 2. e5 Nd5 3. d4 d6 4. Nf3 g6 5. Bc4 c6
6. h3 dxe5 7. Nxe5 {[%eval 8,0] *Turnierbuch;} Bf5 8. O-O Bg7 {[%eval -6,0]
*Turnierbuch, normal;} 9. Re1 O-O {a tempo} 10. Nf3 Qd6 11. Bd3 Bxd3 12. Qxd3 {
a tempo} e6 13. c4 Ne7 14. Nc3 Nd7 {a tempo} 15. Ne4 {[%eval 61,0]} Qc7 {
[%eval 18,0]} 16. Bg5 {a tempo} Nf5 17. g4 h6 18. Bd2 Ne7 {a tempo} 19. Bb4
Rfe8 {a tempo} 20. Bd6 {[%eval 69,0]} Qa5 {[%eval -6,0]} 21. a4 a6 22. b4 Qb6 {
a tempo} 23. a5 Qa7 24. Bc7 Rec8 25. Bg3 {[%eval 89,0]} Rf8 {[%eval -24,0]} 26.
Qe3 Rfd8 27. Bc7 Rdc8 28. Qf4 Re8 {a tempo} 29. Ne5 Nxe5 30. dxe5 {[%eval 112,
0]} g5 {[%eval -90,0]} 31. Nf6+ {a tempo} Bxf6 32. Qxf6 {a tempo} Qd4 33. Qxh6
{a tempo} Qxc4 34. Qxg5+ Ng6 {a tempo} 35. Bd6 Qf4 {[%eval -133,0] a tempo;}
36. Qxf4 Nxf4 {a tempo} 37. h4 Rad8 38. Re4 Nd5 39. g5 Kg7 40. h5 Rg8 {[%eval
-121,0]} 41. Ra3 Kh7 42. Rg3 Rde8 {a tempo} 43. Rh4 Rg7 44. Kf1 Kg8 45. h6 Rh7
{a tempo} 46. Ke2 {[%eval 233,0]} Rd8 {[%eval -145,0]} 47. Kf3 Rc8 48. Ke4 Rd8
{a tempo} 49. f4 Rc8 {a tempo} 50. f5 {[%eval 252,0]} exf5+ {[%eval -160,0]}
51. Kxf5 {a tempo} Rd8 52. Bc5 Kh8 {[%eval -212,0] a tempo;} 53. e6 {[%eval
305,0]} fxe6+ {[%eval -203,0]} 54. Kxe6 Re8+ 55. Kf5 Rf7+ 56. Kg6 Rh7 {[%eval
-293,0]} 57. Bd4+ Kg8 58. Kh5 1-0

[Event "Mephisto Cup (40/120')"]
[Site "?"]
[Date "2012.??.??"]
[Round "2"]
[White "Mephisto 68030, Genius"]
[Black "Mephisto ARM2, RISC 2.0."]
[Result "1/2-1/2"]
[WhiteElo "2278"]
[BlackElo "2241"]
[Annotator "xchessg"]
[PlyCount "129"]
[SourceDate "2009.11.09"]

{Stil Aktiv, RF} 1. e4 e5 2. Nf3 Nf6 3. d4 Nxe4 4. Bd3 d5 5. Nxe5 Bd6 6. O-O
O-O 7. c4 Bxe5 8. dxe5 Nc6 {Dies fuehrt zu einem sehr tief ausgearbeitete
Vortzetsung, welche zum eines unklares Endspiel fuehrt} 9. cxd5 Qxd5 10. Qc2
Nb4 11. Bxe4 Nxc2 12. Bxd5 Bf5 13. g4 Bxg4 14. Be4 Nxa1 {[%eval 81,0]
*Turnierbuch;} 15. Bf4 f5 {und zurueck in der bibliothek!} 16. Bd5+ Kh8 17. Rc1
c6 18. Bg2 Rg8 {[%eval 54,0] *?Buch;} ({Normal wird hier gespielt:} 18... Rfd8
19. Nd2 (19. Nc3 Rd4 20. Be3 Rb4 21. f3 Bh5 22. Nd1 Rd8 23. Rxa1 b6 $13) 19...
Rxd2 {mit dieser : Schwarz versucht, in ein deutlich gleichgewichtiges
Endspiel zu geraten} 20. Bxd2 Rd8 21. Bc3 Rd1+ 22. Rxd1 Bxd1 {beiden Seiten
haben hier Chancen}) (18... Rad8 $2 19. Nc3 Rd4 20. Be3 Rb4 21. Bc5 $18) (18...
h6 $2 19. Nc3 Rfe8 20. Rxa1 Kh7 21. Re1 g5 22. Bc1 Rad8 23. f4 Kg6 24. Kf2 Rd4
25. Be3 $16) 19. h3 {[%eval 69,0] *Turnierbuch, normal;} Bh5 20. Nc3 g5 21. Bh2
{a tempo} Rad8 22. Rxa1 Rd2 23. e6 Re8 {a tempo} 24. Be5+ Kg8 25. Bf1 {[%eval
36,0]} Kf8 {[%eval -21,0]} 26. Re1 Ke7 27. Ne2 {[%eval 103,0]} Red8 {[%eval
-40,0]} 28. Bc3 R2d5 {a tempo} 29. Ng3 Bg6 30. Bc4 {[%eval 106,0] a tempo;} Rd1
31. Rxd1 {a tempo} Rxd1+ {[%eval -67,0]} 32. Kg2 c5 33. f4 gxf4 {a tempo} 34.
Ne2 b5 35. Bxb5 {[%eval 100,0]} Kxe6 {[%eval -93,0]} 36. Nxf4+ {a tempo} Kd6
37. Bd3 Ra1 38. a3 Rc1 39. Kh2 Rd1 40. Kg3 {[%eval 121,0]} Ke7 {[%eval -106,0]}
41. Kg2 Rc1 {a tempo} 42. h4 Rd1 43. h5 Bxh5 44. Bxf5 {a tempo} Be8 {[%eval
-168,0]} 45. Bxh7 Bc6+ 46. Kf2 Kd6 47. Bd3 Rh1 48. b4 cxb4 49. axb4 Bb7 50. Bd4
{[%eval 169,0]} a6 {[%eval -156,0]} 51. Ke2 Rc1 52. Kd2 Rc8 53. Nh5 Ra8 54. Ng7
a5 55. b5 a4 {[%eval -131,0] a tempo;} 56. Nf5+ Kc7 57. Be5+ Kb6 58. Nd6 {a
tempo} Bf3 59. Bd4+ Kc7 60. Nc4 {[%eval 133,0] a tempo;} a3 {[%eval -144,0]}
61. b6+ Kc8 62. Nd6+ Kd7 63. b7 Kxd6 $1 {[%eval -24,0]} 64. bxa8=Q {[%eval 151,
0]} Bxa8 {[%eval -24,0]} 65. Kc2 {[%eval 181,0]} 1/2-1/2

[Event "Mephisto Cup (40/120')"]
[Site "?"]
[Date "2012.??.??"]
[Round "3"]
[White "Mephisto ARM2, RISC 2.0."]
[Black "Mephisto 68030, Genius"]
[Result "1-0"]
[WhiteElo "2241"]
[BlackElo "2278"]
[Annotator "xchessg"]
[PlyCount "126"]
[SourceDate "2009.11.09"]

1. e4 e5 {[%eval 25,0] Stil Aktiv; RF} 2. Nf3 Nc6 3. Bb5 a6 4. Ba4 Nf6 5. O-O
Be7 6. Re1 b5 7. Bb3 d6 8. c3 O-O 9. h3 Nd7 10. d4 Bf6 11. a4 Bb7 12. axb5 axb5
13. Rxa8 Qxa8 14. d5 Na5 15. Bc2 Nc4 16. b3 Ncb6 17. Na3 Ba6 18. Bd3 {[%eval
27,0] *Turnierbuch;} c6 $1 {[%eval 48,0] *Turnierbuch, mensch;} 19. dxc6 Qxc6
20. Bb2 Nc5 {a tempo} 21. Nc2 Qd7 {a tempo} 22. Nb4 Bb7 23. Qe2 $6 (23. Bc2 $14
) 23... Nxb3 24. Bxb5 Qe6 25. c4 Rc8 {[%eval 51,0] a tempo;} 26. Nd5 {[%eval
10,0]} Bd8 27. Rd1 Nc5 28. Ba3 Qg6 {a tempo} 29. Bxc5 Rxc5 {a tempo} 30. Ra1 {
[%eval -9,0]} Bc8 $4 {[%eval 84,0]} ({Luft machen fuer der Koenig war
notsachlich} 30... h6) 31. Nxb6 Bxb6 32. Ra8 Qf6 {[%eval -163,0]} 33. Ba6 {
[%eval 202,0]} Qd8 34. Qb2 h6 35. Bxc8 Rxc8 36. Rxc8 Bxf2+ {[%eval -218,0]} 37.
Kxf2 Qxc8 38. Qb5 Qa8 39. Qd7 Qxe4 40. Qxd6 {[%eval 269,0]} Qxc4 {[%eval -206,
0]} 41. Qxe5 Qc2+ 42. Qe2 Qc5+ 43. Qe3 Qc2+ 44. Kg3 Qg6+ 45. Kh2 Qd6+ 46. Qe5
Qd8 47. Nd4 f6 48. Qe6+ Kh7 49. Qe4+ Kg8 50. Kg3 Qd6+ 51. Kg4 Qb4 52. h4 Kh8
53. Kh5 Qf8 54. Qg6 Qe7 55. Nf5 {[%eval 377,0]} Qd7 {[%eval -257,0]} 56. Nxg7
Qxg7 57. Qxh6+ {[%eval 240,0]} Kg8 {[%eval -672,0] a tempo;} 58. Qxg7+ {[%eval
321,0]} Kxg7 {[%eval -927,0] a tempo;} 59. Kg4 (59. g4 $2 Kh7 60. g5 fxg5 61.
hxg5 $11) 59... Kg6 60. g3 {[%eval 576,0]} f5+ 61. Kf4 Kf6 62. h5 Ke6 63. Kg5 {
[%eval 999,0]} Kf7 1-0